Profilbilder der deutschen Twitch-Streamer - Statistiken

Allgemein
  • Dieses Quiz wurde 2.464 mal gespielt
  • Das Durchschnittsergebnis liegt bei 15 aus 24
Antwortstatistiken
Bildquiz Antwort % Korrekt
Knossi
100%
Papaplatte
98%
MontanaBlack
96%
BastiGHG
91%
Trymacs
90%
Gronkh
89%
Rewinside
86%
HoneyPuu
85%
Amar
82%
RevedTV
79%
Rohat
70%
EliasN97
63%
MckyTV
62%
LetsHugoTV
60%
xFibii
59%
ELoTRiX
42%
Sidney Eweka
40%
GamerBrother
39%
Niklas Wilson Sommer
31%
Rumathra
25%
Repaz
23%
Chefstrobel
21%
NoWay4u
15%
xTheSOlution
15%
Keine übereinstimmenden Quizze gefunden
Verteilung der Resultate
Anzahl Personen mit jedem Resultat
Perzentil nach korrekt beantworteten Fragen
Ihre Resultats-Entwicklung
Sie haben dieses Quiz noch nicht gespielt